000 00636nam a2200193Ia 4500
008 190412s9999 xx 000 0 und d
100 _aKathrin Ackermann & Anita Manatschal
245 _aOnline volunteering as a means to overcome unequal participation? The profiles of online and offline volunteers compared /
245 _cKathrin Ackermann & Anita Manatschal
260 _bSage
260 _c2018
300 _apages 4453-4472, December 2018
440 _aNew Media & Society
_v20 (12)
650 _aDigital Society
650 _aInequality
650 _aInternet
650 _aMEDIA & SOCIETY
942 _2lcc
_cSE
999 _c361398
_d361398